| 000 | 00955cam a2200277 a 4500 | ||
|---|---|---|---|
| 001 | 17712867 | ||
| 005 | 20150504104707.0 | ||
| 008 | 130426t2014 caua frb 001 0 eng d | ||
| 020 | _a9781604265613 | ||
| 020 | _z9781483301334 (web pdf) | ||
| 040 |
_aDLC _beng _cDLC _dEG-ScBUE |
||
| 082 | 0 | 4 |
_a174.90704 _bNEW _222 |
| 245 | 0 | 4 |
_aThe new ethics of journalism : _bprinciples for the 21st century / _c[edit by] Kelly McBride, Tom Rosenstiel. |
| 260 |
_aLos Angeles ; _aLondon : _bCQ Press / SAGE, _cc.2014. |
||
| 300 |
_axii, 243 p. : _bill. ; _c23 cm. |
||
| 500 | _aIndex : p. 231-243. | ||
| 504 | _aIncludes bibliographical references. | ||
| 650 | 7 |
_aJournalistic ethics. _2BUEsh _937793 |
|
| 650 | 0 |
_aJournalism _xHistory _y21st century. _2BUEsh _937794 |
|
| 651 | _2BUEsh | ||
| 653 |
_bCOMAME _cMay2015 |
||
| 655 |
_vreading book _934232 |
||
| 700 | 1 |
_aMcBride, Kelly, _eeditor. |
|
| 700 | 1 |
_aRosenstiel, Tom, _deditor . |
|
| 942 |
_2ddc _k174.90704 NEW |
||
| 999 |
_c19262 _d19234 |
||